000 00752nam a2200193 4500
008 040715s1994 stkm a001 0 eng
020 _a0567096971 :USD23.99
090 _aBX4705.B163
_bB38m
245 0 4 _aThe beauty of Christ :
_ban introduction to the theology of Hans Urs von Balthasar /
_cedited by Bede McGregor and Thomas Norris.
260 _aEdinburgh :
_bT & T Clark,
_cc1994.
300 _axv, 277 p. ;
_c23 cm.
600 1 4 _aBalthasar, Hans Urs von,
_d1905-
610 2 4 _aCatholic Church
_xDoctrines
_xHistory
_y20th century.
650 4 _aTheology, Doctrinal
_xHistory
_y20th century.
700 1 _aMcGregor, Bede.
700 1 _aNorris, Thomas J.
951 _p27297
_x00029891
_oBX4705.B163/B38m
_j070613111406000
_d2000-12-21
_cGC
942 0 0 _01
999 _c20619
_d20619